Word Ladder: Undiluted Quiz Stats

 Plays Quiz Updated Mar 5, 2015

Challenge
Share
Tweet
Embed
Score 0/26 Timer 03:00
0 Plays Today
Clue 4-Letter Word % Correct
Remedy for a diseaseCURE
96.8%
A lion's callROAR
94.1%
3 feetYARD
94%
Knitting materialYARN
93.3%
Building for animalsBARN
92.8%
UndilutedPURE
91.3%
Pork fatLARD
90.6%
'The ______ Not Taken'ROAD
90.4%
Having heat to a moderate degreeWARM
89.7%
A place to grow cropsFARM
89.6%
Close toNEAR
89.4%
The backREAR
89%
Get sleepyTIRE
86.9%
Clue 4-Letter Word % Correct
A form of cheeseCURD
86.7%
Minor under protection of the courtWARD
85.6%
Each rung in this ladderWORD
84.7%
RopeCORD
84.6%
Drill a holeBORE
84.4%
Give the ax toFIRE
84.3%
Pulled apart by forceTORE
83.1%
Brought forth byBORN
83%
Not subject to changeFIRM
82.4%
Open a file into memoryLOAD
80.3%
RaucousLOUD
77.5%
To praiseLAUD
76.4%
UndilutedNEAT
67.3%

Today's Daily Dose

You're not logged in!

Compare scores with friends on all Sporcle quizzes.
OR
Log In

You Might Also Like...

Show Comments

Extras

Top Quizzes Today


Score Distribution

Your Account Isn't Verified!

In order to create a playlist on Sporcle, you need to verify the email address you used during registration. Go to your Sporcle Settings to finish the process.

Report this User

Report this user for behavior that violates our Community Guidelines.

Details: